| 000 | 00669nam a2200205Ia 4500 | ||
|---|---|---|---|
| 003 | GCL | ||
| 008 | 140319s9999 xx 000 0 ara d | ||
| 020 | _a4308215977 | ||
| 040 |
_aGCL / _cGCL |
||
| 082 | 0 | 4 |
_a239 _bع ق |
| 100 | 1 | _aعبدالله محمود شحاته | |
| 245 | 1 | 0 |
_aقبس من سيرة الرسول(صلى الله عليه وسلم) / _cعبدالله محمود شحاته |
| 250 | _aالاولى | ||
| 300 |
_a159 ص ؛ _c20 سم |
||
| 490 |
_aنحو مجتمع اسلامى _v0 |
||
| 650 | 0 | 4 | _aالسيرة النبوية |
| 650 | 0 | 4 | _aاخلاق الرسول |
| 650 | 0 | 4 | _aالسيرة النبوية - المعجزات |
| 942 |
_2ddc _cBK |
||
| 999 |
_c4799 _d4799 |
||